000 00691nam a22001937a 4500
003 UA-OsUOA
001 51085
007 ta
008 20140819b un ||||| |||| 00| 0 ukr d
090 _a050
_bВ55
942 _cMG
040 _aUA-OsUOA
_bukr
_cUA-OsUOA
_dUA-OsUOA
245 _aВісник Академії наук Української РСР
_b1991: № 1, 2, 4, 7, 8, 10; 1992: № 4, 6, 7, 9, 11; 1993: № 2, 3, 10, 11
955 _a1
041 _aukr
080 _a050
650 7 _a050 Серійні публікації. Періодика галузі, Організація та інші типи поєднання (співробітництва)
_2UDC
999 _c431215
_d431215